[Event "Kesan op 15th"]
[Site "Kesan"]
[Date "2017.08.15"]
[Round "4"]
[White "Stefanov, Emil"]
[Black "Diri, Reha"]
[Result "1/2-1/2"]
[WhiteElo "2455"]
[BlackElo "1982"]
[PlyCount "101"]
[EventDate "2017.08.13"]
[EventType "swiss"]
[EventRounds "9"]
[EventCountry "TUR"]
[SourceTitle "CBM 180 Extra"]
[Source "ChessBase"]
[SourceDate "2017.10.06"]
[SourceVersion "1"]
[SourceVersionDate "2017.10.06"]
[SourceQuality "1"]

1. d4 d5 2. c4 c6 3. Nf3 Nf6 4. e3 e6 5. b3 Nbd7 6. Bb2 Bd6 7. Bd3 0-0 8. 0-0 b6 9. Nbd2 Bb7 10. Ne5 c5 11. cxd5 exd5 12. f4 Qe7 13. Qf3 cxd4 14. exd4 Bb4 15. Rad1 Rfc8 16. Qh3 Bxd2 17. Rxd2 Nf8 18. f5 h6 19. Rdf2 N8h7 20. Bc1 a5 21. Rf3 Rxc1 22. Rxc1 Ng5 23. Qg3 Nxf3+ 24. Qxf3 Rc8 25. Rxc8+ Bxc8 26. Qe3 Qc7 27. Qd2 Ne4 28. Bxe4 dxe4 29. f6 gxf6 30. Nc4 Kg7 31. d5 Qc5+ 32. Ne3 Bd7 33. Kf2 h5 34. h4 f5 35. g3 f6 36. Qd1 Kg6 37. Qc2 Qd4 38. Qc4 Qd2+ 39. Qe2 Qd4 40. Qc4 Qd2+ 41. Qe2 Qd4 42. Kg1 Kh6 43. Kh2 b5 44. Ng2 Qxd5 45. Nf4 Qf7 46. Qd2 Bc6 47. Qd6 Be8 48. Nd5 Kg7 49. Ne3 Qd7 50. Qxd7+ Bxd7 51. b4 1/2-1/2

[Event "Troya op 23rd"]
[Site "Canakkale"]
[Date "2015.08.15"]
[Round "9"]
[White "Erden, Kadir"]
[Black "Diri, Reha"]
[Result "1-0"]
[WhiteElo "2176"]
[BlackElo "1917"]
[PlyCount "102"]
[EventDate "2015.08.08"]
[EventType "swiss"]
[EventRounds "9"]
[EventCountry "TUR"]
[SourceTitle "CBM 167 Extra"]
[Source "ChessBase"]
[SourceDate "2015.09.14"]
[SourceVersion "1"]
[SourceVersionDate "2015.09.14"]
[SourceQuality "1"]

1. d4 d5 2. c4 c6 3. Nc3 Nf6 4. Nf3 e6 5. Bg5 h6 6. Bxf6 Qxf6 7. e3 Nd7 8. Qb3 a5 9. a3 Bd6 10. Be2 0-0 11. Rd1 Bc7 12. Qc2 dxc4 13. Ne4 Qe7 14. Bxc4 e5 15. d5 cxd5 16. Bxd5 Nb6 17. Nc3 Bb8 18. Ba2 Be6 19. Bxe6 Qxe6 20. 0-0 Rc8 21. e4 Ba7 22. Qe2 Nc4 23. Nd5 b5 24. a4 bxa4 25. Rc1 Nb6 26. Nc7 Rxc7 27. Rxc7 Bb8 28. Rc2 Qb3 29. Rc3 Qb4 30. Rd1 Bd6 31. h3 Rb8 32. Rc2 a3 33. bxa3 Qxa3 34. Qd3 Bf8 35. Qxa3 Bxa3 36. Nxe5 Re8 37. Nc4 Nxc4 38. Rxc4 Re7 39. g3 g6 40. Rd8+ Kg7 41. Ra8 Bb4 42. Kg2 h5 43. h4 Be1 44. Kf1 Bb4 45. Ke2 Rd7 46. e5 Rd2+ 47. Ke3 Rd7 48. Rcc8 Bd2+ 49. Ke2 Bb4 50. Rg8+ Kh7 51. Rh8+ Kg7 1-0

[Event "Troya op 23rd"]
[Site "Canakkale"]
[Date "2015.08.09"]
[Round "2"]
[White "Diri, Reha"]
[Black "Ozcelik, Ozan"]
[Result "1-0"]
[WhiteElo "1917"]
[BlackElo "1622"]
[PlyCount "79"]
[EventDate "2015.08.08"]
[EventType "swiss"]
[EventRounds "9"]
[EventCountry "TUR"]
[SourceTitle "CBM 167 Extra"]
[Source "ChessBase"]
[SourceDate "2015.09.14"]
[SourceVersion "1"]
[SourceVersionDate "2015.09.14"]
[SourceQuality "1"]

1. e4 g6 2. d4 Bg7 3. Nf3 d6 4. Be2 Nc6 5. 0-0 e5 6. d5 Nce7 7. c4 Nf6 8. Nc3 0-0 9. Ne1 Ne8 10. Be3 f5 11. f3 f4 12. Bf2 g5 13. c5 Rf6 14. Rc1 Rh6 15. cxd6 Qxd6 16. Nb5 Qg6 17. g4 fxg3 18. Bxg3 g4 19. Rf2 gxf3 20. Bxf3 c6 21. dxc6 bxc6 22. Nc7 Nxc7 23. Qd8+ Ne8 24. Qxe7 Bg4 25. Bg2 Qe6 26. Qb7 Qc8 27. Qb3+ Qe6 28. Qa4 Rg6 29. Bf1 Kh8 30. Bc4 Qd6 31. Bf7 Bh6 32. Rc3 Rg7 33. Rd3 Qc5 34. Kg2 Nd6 35. Rc2 Qb5 36. Bb3 Qxa4 37. Bxa4 Nxe4 38. Bxe5 Bh3+ 39. Kxh3 Ng5+ 40. Kg2 1-0

[Event "Troya op 21st"]
[Site "Canakkale"]
[Date "2013.08.24"]
[Round "9"]
[White "Diri, Reha"]
[Black "Yurtseven, Melih"]
[Result "1-0"]
[WhiteElo "1890"]
[BlackElo "2244"]
[PlyCount "103"]
[EventDate "2013.08.17"]
[EventType "swiss"]
[EventRounds "9"]
[EventCountry "TUR"]
[SourceTitle "CBM 156 Extra"]
[Source "ChessBase"]
[SourceDate "2013.10.22"]
[SourceVersion "1"]
[SourceVersionDate "2013.10.22"]
[SourceQuality "1"]

1. e4 d6 2. d4 Nf6 3. Nc3 e5 4. dxe5 dxe5 5. Qxd8+ Kxd8 6. f3 Be6 7. Be3 c6 8. 0-0-0+ Nbd7 9. Bd3 b5 10. h3 Kc8 11. f4 exf4 12. Bxf4 Kb7 13. Nf3 Bc5 14. Kb1 Rad8 15. Rhf1 h6 16. Ne2 Nb6 17. b3 a5 18. Bc1 Rhe8 19. Bb2 a4 20. g4 a3 21. Ba1 Be3 22. Rde1 Bc5 23. Ng3 Bb4 24. Rd1 Bf8 25. Nh4 Nfd7 26. Nhf5 f6 27. Bc3 Ne5 28. Bxe5 fxe5 29. Nh4 Nc8 30. Ng6 Bb4 31. Nh5 Rd7 32. Nxe5 Rc7 33. Nf3 Bc3 34. Nf4 Bg8 35. Ne2 Bb2 36. c3 Nd6 37. e5 Nf7 38. Kc2 Nxe5 39. Nxe5 Rxe5 40. Rf8 Bd5 41. Nf4 Bf7 42. Bf5 Rc5 43. Rd3 Re7 44. Rf3 Rce5 45. Rf1 Re3 46. Nd3 Bd5 47. Rd1 Rxh3 48. Rd2 Ree3 49. b4 Bxa2 50. Nc5+ Kb6 51. Rb8+ Ka7 52. Rb7+ 1-0